El derecho a la seguridad y salud en el trabajo, expresin̤ de los avances y retrocesos democrt̀icos

Detalles Bibliográficos
Autor principal: Marn̕ Arce, Juan Ignacio
Formato: eBook
Lenguaje:español
Publicado: Albacete: Editorial Bomarzo, 2019
Materias:
Acceso en línea:Acceso restringido

MARC

LEADER 00000nam a22000007a 4500
005 20200303220855.0
007 cr|||| ||||
008 200303s2019 es |||||s|||| 00||0 spa d
020 |a 978-84-17310-67-7 
035 |a 31038 
040 |a vLex 
090 |c 10168  |d 10168 
100 1 |a Marn̕ Arce, Juan Ignacio 
245 1 2 |a El derecho a la seguridad y salud en el trabajo, expresin̤ de los avances y retrocesos democrt̀icos  |h [Recurso electrn̤ico] /  |c Juan Ignacio Marn̕ Arce 
256 |a Servicio en ln̕ea 
260 |a Albacete:  |b Editorial Bomarzo,  |c 2019 
300 |a 1 recurso electrn̤ico 
506 1 |a Disponible solo en los productos indicados  |d vLex Global  |d vLex Global (Academic Edition, excluding Law Schools)  |d vLex Global (U.S. Academic Edition, Law Schools)  |d vLex Global (U.S. Academic Edition, excluding Law Schools)  |d vLex Global (Academic Edition, Law Schools) 
650 0 4 |a Derecho Laboral y Seguridad Social  |z Espaą 
740 0 |a vLex Libros (Servicio en ln̕ea) 
856 4 0 |u http://vlex.com/source/derecho-seguridad-salud-trabajo-expresion-avances-retrocesos-democraticos-31038  |z Acceso restringido 
942 |c BOOK 
999 0 |a Labor law and social security